LDR 00746naa#a2200181#i#450# 001 RU\\bibl\125537 005 20260702052057.4 011 ## _a2782-4586 100 ## _a20260630b2026####ek#y0rusy0150####ca 102 ## _aRU 200 1# _aТрансформация подходов к формированию агроиндустриальных парков: российский и зарубежный опыт _eЖурнальная статья 210 1# _aМосква _cУниверситет ИТБО _d2026 215 ## _a5 с. 608 ## _aЖурнальная статья _2local 675 ## _aТеория промышленной политики. 338.45.01 _z 700 #1 _aКозлова _gО. А. 700 #1 _aАлимбаев _gР. Т. 856 4# _ajomeam.ru _u